Houston Astros All-time Team - Statistics

General Stats
  • This quiz has been taken 50 times
  • The average score is 4 of 10
Answer Stats
Nickname Player % Correct
Second Base Craig Biggio
98%
First Base Jeff Bagwell
89%
Starting Pitcher Nolan Ryan
70%
Third Base Alex Bregman
55%
Relief Pitcher Billy Wagner
45%
Left Field Yordan Alvarez
34%
Shortstop Jose Altuve
23%
Catcher Jason Castro
5%
Right Field Carlos Beltran
2%
Center Field George Springer
2%
No matching quizzes found
Score Distribution
Percent of People with Each Score
Percentile by Number Answered
Your Score History
You have not taken this quiz